Translate random polish words into english - Statistics

General Stats
  • This quiz has been taken 110 times
    42 since last reset
  • The average score is 30 of 50
Answer Stats
Hint Answer % Correct
Polska Poland
97%
test test
92%
komputer computer
89%
popcorn popcorn
89%
kawa coffee
86%
Cześć Hi
83%
imię name
83%
Męzczyzna man
78%
herbata tea
75%
Syn Son
72%
pies dog
69%
trawa grass
69%
pokój Room
69%
Droga Street
69%
Mózg brain
67%
godzina hour
67%
miłość love
67%
okno window
67%
łazienka bathroom
64%
oko eye
64%
podłoga Floor
64%
punkt point
64%
czapka hat
61%
kolano Knee
61%
Samolot plane
61%
talerz plate
58%
rzeczy things
58%
parasol umbrella
58%
konto account
56%
ręka arm
56%
ołowek pencil
56%
piosenki Songs
56%
żel gel
53%
okulary glasses
53%
orzech nut
53%
drzewa trees
53%
rower bike
50%
poduszka pillow
50%
moc power
47%
pułapka trap
47%
łopata Shovel
44%
deflacja deflation
42%
interpolacja interpolation
39%
Stal Steel
39%
Siatkówka volleyball
39%
kubek cup
36%
łokiec elbow
33%
brud dirt
31%
kobieta female
25%
potwierdzenie agreedment
3%
No matching quizzes found
Score Distribution
Percent of People with Each Score
Percentile by Number Answered
Your Score History
You have not taken this quiz since the last reset